Geografia con la lettera "I" - Statistics

Statistiche generali
  • Questo quiz è stato fatto 83 volte
  • Il punteggio medio è 32 su 37
Statistiche sulle risposte
Suggerimento Risposta % Corretto
Penisola che comprende Spagna e Portogallo Iberica
100%
Città nota per il suo circuito, Emilia-Romagna (Italia) 60k abitanti Imola
100%
Paese con capitale Nuova Delhi India
100%
Terzo oceano per estensione al mondo Indiano
100%
Paese con capitale Teheran Iran
98%
Paese con capitale Dublino Irlanda
98%
Nazione con capitale Belfast (Regno Unito) Irlanda del Nord
98%
Paese con capitale Reykjavík Islanda
98%
Paese con capitale Roma Italia
98%
Fiume più lungo del Pakistan Indo
97%
Paese con capitale Giacarta Indonesia
97%
Mare a sud dell'Italia Ionio
97%
Paese con capitale Baghdad Iraq
97%
Paese con capitale Gerusalemme Israele
97%
Capitale dell’Egitto Il Cairo
95%
Isole delle Baleari nota come meta turistica (Spagna) Ibiza
94%
Provincia della Liguria (Italia) Imperia
91%
Stato con capitale Indianapolis (USA) Indiana
91%
Provincia del Molise (Italia) Isernia
91%
Città più popolosa della Turchia Istanbul
91%
Isola nota per essere la patria di Ulisse (Grecia) Itaca
91%
Stato con capitale Springfield (USA) Illinois
86%
Capitale dell'Indiana (USA) Indianapolis
83%
Isola più estesa della Campania (Italia) Ischia
83%
Penisola tra Croazia, Slovenia e Italia Istria
83%
Capoluogo della regione del Tirolo (Austria) Innsbruck
79%
Lago tra la provincia di Bergamo e Brescia (Italia) Iseo
79%
Capitale del Pakistan Islamabad
79%
Paese con capitale Majuro Isole Marshall
79%
Paese con capitale Honiara Isole Salomone
77%
Stato con capitale Boise (USA) Idaho
74%
Stato con capitale Des Moines (USA) Iowa
73%
Isola nota per i Moai (Cile) Isola di Pasqua
62%
Regione con capoluogo Parigi (Francia) Île-de-France
58%
Distretto storico-geografico nelle zone di Avellino, Campania (Italia) Irpinia
58%
Grande penisola a Sud della Cina Indocina
55%
Isola autonoma (Regno Unito) Isola di Man
45%
Nessun quiz corrispondente trovato
Distribuzione punteggi
Percentuale di utenti per punteggio
Percentile per numero di risposta
I tuoi punteggi nel tempo
Non hai fatto questo quiz